CONSUMER PROTECTION LAW (Record no. 23064)

MARC details
000 -LEADER
fixed length control field 00382nam a22001457a 4500
003 - CONTROL NUMBER IDENTIFIER
control field SGT
020 ## - INTERNATIONAL STANDARD BOOK NUMBER
International Standard Book Number 9789390735150
082 ## - DEWEY DECIMAL CLASSIFICATION NUMBER
Classification number 343.071
Item number TRI
100 ## - MAIN ENTRY--PERSONAL NAME
Personal name TRIPATHI , S C
245 ## - TITLE STATEMENT
Title CONSUMER PROTECTION LAW
Remainder of title THE CONSUMER PROTECTION ACT 2019 ACT NO 35 OF 2019
250 ## - EDITION STATEMENT
Edition statement 7
260 ## - PUBLICATION, DISTRIBUTION, ETC. (IMPRINT)
Place of publication, distribution, etc ALLAHABAD
Name of publisher, distributor, etc CENTRAL LAW PUBLICATION
Year of Publication 2022
300 ## - PAGE DESCRIPTION
No. of Pages LII ,380
942 ## - ADDED ENTRY ELEMENTS (KOHA)
Source of classification or shelving scheme Dewey Decimal Classification
Koha item type Books
942 ## - ADDED ENTRY ELEMENTS (KOHA)
-- 7
Holdings
Withdrawn status Lost status Source of classification or shelving scheme Damaged status Not for loan Collection code Home library Current library Shelving location Date acquired Vendor Name Cost, normal purchase price SGTU Bill Number Full call number Accession No. (Barcode) Date last seen Bill Date Koha item type Total Checkouts Total Renewals Date last borrowed
    Dewey Decimal Classification   Not For Loan LAW SGT Science & Social Sciences Library SGT Science & Social Sciences Library Reference Book 29/07/2022 AHUJA BOOK COMPANY 380.00 SGTU 14697 343.071 TRI FL2871 29/07/2022 30/06/2022 Books      
    Dewey Decimal Classification     LAW SGT Science & Social Sciences Library SGT Science & Social Sciences Library Text Book 29/07/2022 AHUJA BOOK COMPANY 380.00 SGTU 14697 343.071 TRI FL2872 21/05/2025 30/06/2022 Books 7 1 08/04/2025
    Dewey Decimal Classification     LAW SGT Science & Social Sciences Library SGT Science & Social Sciences Library Text Book 29/07/2022 AHUJA BOOK COMPANY 380.00 SGTU 14697 343.071 TRI FL2873 01/04/2025 30/06/2022 Books 1   31/03/2025
    Dewey Decimal Classification     LAW SGT Science & Social Sciences Library SGT Science & Social Sciences Library Text Book 29/07/2022 AHUJA BOOK COMPANY 380.00 SGTU 14697 343.071 TRI FL2874 12/12/2025 30/06/2022 Books 3   09/12/2025
    Dewey Decimal Classification     LAW SGT Science & Social Sciences Library SGT Science & Social Sciences Library Text Book 29/07/2022 AHUJA BOOK COMPANY 380.00 SGTU 14697 343.071 TRI FL2875 22/05/2025 30/06/2022 Books 2   01/04/2025